Fundamentals of automobile technology / (Record no. 34050)

MARC details
000 -LEADER
fixed length control field 00941nam a22002657a 4500
008 - FIXED-LENGTH DATA ELEMENTS--GENERAL INFORMATION
fixed length control field 251215b |||||||| |||| 00| 0 eng d
017 ## - LEGAL DEPOSIT NUMBER
Legal deposit number LD.1454
018 ## - LEGAL DEPOSIT YEAR
LDD Year 2025
020 ## - INTERNATIONAL STANDARD BOOK NUMBER
ISBN 9789787789061
040 ## - CATALOGING SOURCE
Original cataloging agency NLN
Language of cataloging English
Description conventions AACR2
100 ## - MAIN ENTRY--AUTHOR
Author KUWANTA, Grace I.
Relator term aut
245 ## - TITLE STATEMENT
Title Fundamentals of automobile technology /
Statement of responsibility, etc Grace I. Kuwanta, Osita A. Ezeama and Mohammed A. Idris
260 ## - PUBLICATION, DISTRIBUTION, ETC. (IMPRINT)
Place of publication Asokoro Extension, Abuja (No.37 A. B. Bagare Street, NAF Valley Estate) :
Name of publisher Walkiya Publishers,
Date of publication 2025
300 ## - COLLATION
Pagination xiv, 247p. :
Other physical details ill. ; 30cm.
500 ## - GENERAL NOTE
General note Bibliography : p. 62-63
563 ## - BINDING INFORMATION
Binding note (pbk.)
650 ## - TRACINGS
Main Subject Automobiles
Subdivision (1st) Design and construction
650 ## - TRACINGS
Main Subject Automobiles
Subdivision (1st) Technological innovations
Subdivision (2nd) Study and teaching
700 ## - ADDITIONAL AUTHOR
Additional Author <a href="Ezeama, Osita A. ">Ezeama, Osita A. </a>
Relator term ctb
700 ## - ADDITIONAL AUTHOR
Additional Author <a href="Idris, Mohammed A. ">Idris, Mohammed A. </a>
Relator term ctb
942 ## - ADDED ENTRY ELEMENTS (KOHA)
Item type Books
Suppress in OPAC No
050 ## - LIBRARY OF CONGRESS CALL NUMBER
Classification number TL240
Item number .K97
082 ## - DEWEY DECIMAL CLASSIFICATION NUMBER
Classification number 629.2
Holdings
Source of classification or shelving scheme Not for loan Home library Current library Date acquired Mode of acquisition Accession No. Full call number Barcode. Copy number Koha item type
Library of Congress Classification   ABUJA LIBRARY BRANCH National Library of Nigeria 15/12/2025 Legal deposit 457341 TL240 .K97 457341 1 Books
Library of Congress Classification   LAGOS BRANCH National Library of Nigeria 15/12/2025 Legal deposit 457340 TL240 .K97 457340 1 Books
Library of Congress Classification   AKURE BRANCH LIBRARY National Library of Nigeria 15/12/2025 Legal deposit 457339 TL240 .K97 457339 1 Books

National Library of Nigeria OPAC is powered by Koha